000
00243nam a2200097Ia 4500
005
20251222114348.0
008
251222s1900||||xx |||||||||||||| ||spa||
082
_a
DVD0060/M12/2004
245
0
_a
El delincuente:The delicate delinquent
942
_c
DVD
999
_c
1125
_d
1125